[Event "I. CLANSKA LIGA ZAHOD 2024"]
[Site "Komenda"]
[Date "2024.09.28"]
[Round "2.3"]
[White "Stubljar, Andrej"]
[Black "Siraj, Anej"]
[Result "0-1"]
[WhiteElo "2017"]
[BlackElo "2075"]
[PlyCount "68"]
[EventDate "2024.09.27"]
[WhiteTeam "SK DOLENJSKE TOPLICE"]
[BlackTeam "SD VRHNIKA"]

1. d4 d5 2. h4 Nf6 3. Bg5 c6 4. Nc3 Bf5 5. e3 e6 6. e4 Bxe4 7. f3 Qb6 8. fxe4
Qxb2 9. Bd2 Nxe4 10. Nxe4 dxe4 11. Ne2 Bb4 12. Rb1 Bxd2+ 13. Kxd2 Qxa2 14. Rxb7
Qa5+ 15. c3 Nd7 16. Qb1 Nb6 17. Qxe4 O-O 18. Nf4 c5 19. Bd3 f5 20. Qxe6+ Kh8
21. Rxg7 cxd4 22. Qh6 dxc3+ 23. Ke2 Qe5+ 24. Kd1 Qxg7 25. Qxg7+ Kxg7 26. Ne6+
Kf6 27. Nxf8 Rxf8 28. Rf1 Ke5 29. Kc2 Nd5 30. Ra1 Rb8 31. Rxa7 Rb2+ 32. Kc1 Rd2
33. Bc4 Ne3 34. Bb3 Rxg2 0-1

[Event "I. CLANSKA LIGA ZAHOD 2024"]
[Site "Komenda"]
[Date "2024.09.28"]
[Round "2.3"]
[White "Siraj, Svit"]
[Black "Pucelj, Joze"]
[Result "1/2-1/2"]
[WhiteElo "2048"]
[BlackElo "1986"]
[PlyCount "67"]
[EventDate "2024.09.27"]
[WhiteTeam "SD VRHNIKA"]
[BlackTeam "SK DOLENJSKE TOPLICE"]

1. e4 e6 2. d4 d5 3. Nc3 Bb4 4. Nge2 dxe4 5. a3 Be7 6. Nxe4 Nf6 7. N2g3 O-O 8.
c3 Nxe4 9. Nxe4 Nd7 10. Bd3 Nf6 11. O-O b6 12. Nxf6+ Bxf6 13. Qh5 g6 14. Qf3
Rb8 15. Bf4 Bb7 16. Bxc7 Bxf3 17. Bxd8 Rfxd8 18. gxf3 e5 19. dxe5 Rxd3 20. exf6
Rxf3 21. Rad1 Rxf6 22. Rfe1 Rc8 23. Rd7 a5 24. Red1 Rcc6 25. Kg2 h5 26. R1d3
Rce6 27. Rf3 Kg7 28. Rd5 Rc6 29. Rxf6 Kxf6 30. Kf3 Ke6 31. Rb5 Kd7 32. a4 Rf6+
33. Ke3 Kc6 34. Re5 1/2-1/2

[Event "I. CLANSKA LIGA ZAHOD 2024"]
[Site "Komenda"]
[Date "2024.09.28"]
[Round "2.3"]
[White "Voglar, Peter"]
[Black "Zlindra, Aljaz"]
[Result "1-0"]
[WhiteElo "1858"]
[BlackElo "1851"]
[PlyCount "113"]
[EventDate "2024.09.27"]
[WhiteTeam "SK DOLENJSKE TOPLICE"]
[BlackTeam "SD VRHNIKA"]

1. c4 Nf6 2. d4 e6 3. Nf3 d5 4. Nc3 a6 5. cxd5 exd5 6. Bg5 Be7 7. e3 O-O 8. Be2
h6 9. Bh4 c6 10. O-O Re8 11. Rc1 Nbd7 12. Bd3 Ne4 13. Bg3 Nxg3 14. hxg3 Nf6 15.
Qb3 Bd6 16. Rfe1 Rb8 17. e4 dxe4 18. Nxe4 Be6 19. Nxf6+ Qxf6 20. Bc4 Bxc4 21.
Qxc4 Qf5 22. Re2 Rxe2 23. Qxe2 Rd8 24. a3 Qb5 25. Kf1 Be7 26. Qxb5 axb5 27. Ke2
Bf6 28. Kd3 Kf8 29. Rc2 Rd5 30. Ke4 Ke7 31. g4 Kd6 32. b3 Ke6 33. a4 bxa4 34.
bxa4 Ra5 35. Rc4 Kd6 36. Rb4 b5 37. axb5 cxb5 38. Rb2 Kc6 39. Rc2+ Kb6 40. Ne5
Bxe5 41. Kxe5 Ra8 42. d5 Re8+ 43. Kd4 b4 44. Rc6+ Kb5 45. Rc7 Rf8 46. Rb7+ Ka4
47. d6 f5 48. gxf5 Rxf5 49. f3 g5 50. d7 Rf8 51. g4 b3 52. Ke5 Ka3 53. Ke6 Ka2
54. Ke7 Rh8 55. d8=Q Rh7+ 56. Kf6 Rxb7 57. Qa8+ 1-0

[Event "I. CLANSKA LIGA ZAHOD 2024"]
[Site "Komenda"]
[Date "2024.09.28"]
[Round "2.3"]
[White "Sever, Gasper"]
[Black "Janko, Marko"]
[Result "0-1"]
[WhiteElo "1790"]
[BlackElo "1708"]
[PlyCount "98"]
[EventDate "2024.09.27"]
[WhiteTeam "SD VRHNIKA"]
[BlackTeam "SK DOLENJSKE TOPLICE"]

1. e4 e5 2. Nf3 Nc6 3. Bb5 Bc5 4. c3 a6 5. Ba4 b5 6. Bb3 Nf6 7. O-O O-O 8. d4
Bd6 9. Bd5 Nxd5 10. exd5 e4 11. Ng5 Na5 12. Qh5 h6 13. Nxe4 Qe7 14. Ng3 Bxg3
15. fxg3 Nc4 16. Bf4 Nxb2 17. d6 cxd6 18. Qd5 Ra7 19. Bxd6 Qe3+ 20. Kh1 Bb7 21.
Qf5 Be4 22. Qf2 Qxf2 23. Rxf2 Nd3 24. Re2 Re8 25. Nd2 f5 26. Rf1 Re6 27. Nxe4
fxe4 28. Rf8+ Kh7 29. Bc5 Nxc5 30. dxc5 Rc7 31. Rf5 e3 32. Rd5 Re4 33. h3 a5
34. Rd3 Rxc5 35. Rexe3 Rxe3 36. Rxe3 Kg6 37. Kg1 b4 38. cxb4 axb4 39. a3 Rc3
40. Re4 bxa3 41. Ra4 Kf5 42. Kf2 Rc2+ 43. Kf3 a2 44. g4+ Ke5 45. g3 d5 46. Ke3
d4+ 47. Kf3 d3 48. Ke3 d2 49. Ke2 Rc1 0-1

[Event "I. CLANSKA LIGA ZAHOD 2024"]
[Site "Komenda"]
[Date "2024.09.28"]
[Round "2.4"]
[White "Mircic, Ivan"]
[Black "Srebrnic, Vojko"]
[Result "0-1"]
[WhiteElo "2208"]
[BlackElo "2074"]
[PlyCount "50"]
[EventDate "2024.09.27"]
[WhiteTeam "SK STARI MAYR KRANJ"]
[BlackTeam "TAJFUN - SK LJUBLJANA"]

1. Nf3 c5 2. e3 Nf6 3. c4 g6 4. Be2 Bg7 5. O-O O-O 6. Nc3 Nc6 7. a3 d5 8. cxd5
Nxd5 9. Qc2 Nxc3 10. dxc3 Qb6 11. Rb1 a5 12. e4 a4 13. Bg5 Be6 14. Qc1 Ba2 15.
Ra1 Bb3 16. Nd2 Be6 17. Nc4 Qa7 18. Bh6 Qa6 19. Bxg7 Kxg7 20. Ne3 Qxe2 21. f4
Rad8 22. f5 Bb3 23. Rf2 Qd3 24. f6+ exf6 25. Nf5+ gxf5 0-1

[Event "I. CLANSKA LIGA ZAHOD 2024"]
[Site "Komenda"]
[Date "2024.09.28"]
[Round "2.4"]
[White "Persl, Bojan"]
[Black "Kersic, Matej"]
[Result "1-0"]
[WhiteElo "2040"]
[BlackElo "2082"]
[PlyCount "85"]
[EventDate "2024.09.27"]
[WhiteTeam "TAJFUN - SK LJUBLJANA"]
[BlackTeam "SK STARI MAYR KRANJ"]

1. e4 c5 2. Nf3 d6 3. d4 cxd4 4. Nxd4 Nf6 5. Nc3 a6 6. Bc4 e6 7. Bb3 Nc6 8. Be3
Be7 9. f4 Bd7 10. Qf3 Qc7 11. f5 e5 12. Nde2 Na5 13. g4 Nxb3 14. cxb3 Bc6 15.
Rc1 Qa5 16. Bd2 Qd8 17. g5 Nd7 18. Rg1 f6 19. Qh5+ Kf8 20. g6 Kg8 21. Nd5 Bxd5
22. exd5 Rc8 23. Rc3 Rxc3 24. Nxc3 Qf8 25. Rg2 hxg6 26. Qxg6 Qf7 27. Qg4 Rh7
28. h3 Qh5 29. Rg3 Qxg4 30. hxg4 Rh2 31. b4 Kf7 32. a4 g6 33. a5 gxf5 34. gxf5
Rh5 35. Rf3 b6 36. b5 bxa5 37. bxa6 Rh1+ 38. Rf1 Rh8 39. Nb5 Nc5 40. a7 Ra8 41.
Rh1 Kg7 42. Bh6+ Kf7 43. Be3 1-0

[Event "I. CLANSKA LIGA ZAHOD 2024"]
[Site "Komenda"]
[Date "2024.09.28"]
[Round "2.4"]
[White "Podvrsnik, Marko"]
[Black "Belyaletdinov, Leonard"]
[Result "1-0"]
[WhiteElo "2116"]
[BlackElo "1843"]
[PlyCount "99"]
[EventDate "2024.09.27"]
[WhiteTeam "SK STARI MAYR KRANJ"]
[BlackTeam "TAJFUN - SK LJUBLJANA"]

1. d4 Nf6 2. Nf3 g6 3. g3 d6 4. c4 Bg7 5. Nc3 Nbd7 6. Bg2 O-O 7. O-O e5 8. e4
c6 9. h3 Ne8 10. Be3 Nc7 11. Qd2 Ne6 12. d5 cxd5 13. cxd5 Nc7 14. Bh6 Ne8 15.
Bxg7 Nxg7 16. Qh6 f5 17. Ng5 Nf6 18. f4 Qe7 19. Rae1 Ngh5 20. fxe5 dxe5 21. Kh2
Kh8 22. exf5 Bxf5 23. Ne6 Bxe6 24. Rxe5 Qd6 25. Rxe6 Qxg3+ 26. Kg1 Rae8 27. Ne4
Qh4 28. Rfxf6 Qe1+ 29. Rf1 Rxf1+ 30. Bxf1 Rg8 31. Ng5 Qg3+ 32. Bg2 Qc7 33. d6
Qc1+ 34. Bf1 Qc5+ 35. Kh1 Qc6+ 36. Kh2 Rg7 37. Bg2 Qd7 38. Be4 Qb5 39. Bf3
Qxb2+ 40. Re2 Qb5 41. Ne6 Rf7 42. Qg5 Qb6 43. Qe5+ Kg8 44. Bxh5 Rf2+ 45. Kg3
Rf7 46. Bf3 Qg1+ 47. Bg2 h5 48. h4 Qd1 49. Ng5 Qd3+ 50. Re3 1-0

[Event "I. CLANSKA LIGA ZAHOD 2024"]
[Site "Komenda"]
[Date "2024.09.28"]
[Round "2.4"]
[White "Glavac, Leo"]
[Black "Bulatovic, Milorad"]
[Result "1-0"]
[WhiteElo "1798"]
[BlackElo "1942"]
[PlyCount "91"]
[EventDate "2024.09.27"]
[WhiteTeam "TAJFUN - SK LJUBLJANA"]
[BlackTeam "SK STARI MAYR KRANJ"]

1. e4 e5 2. Nf3 Nc6 3. Bb5 a6 4. Ba4 Nf6 5. d3 b5 6. Bb3 Be7 7. O-O O-O 8. Re1
d6 9. c3 Na5 10. Bc2 c5 11. Nbd2 Bg4 12. h3 Bh5 13. Nf1 Nd7 14. Ng3 Bg6 15. d4
cxd4 16. cxd4 Qc7 17. Nf5 Bf6 18. g4 Rac8 19. Bd3 Nc6 20. Bd2 Nxd4 21. N3xd4
exd4 22. g5 Bd8 23. f4 Nc5 24. Rc1 Qb8 25. Bb1 Bxf5 26. exf5 Na4 27. f6 Rxc1
28. Bxc1 Bb6 29. Qh5 d3+ 30. Kh2 Nc5 31. b4 Re8 32. Be3 d5 33. bxc5 Rxe3 34.
Rxe3 Qxf4+ 35. Rg3 Bc7 36. Qg4 gxf6 37. Qxf4 Bxf4 38. gxf6+ Kf8 39. Bxd3 h6 40.
Kg2 Bxg3 41. Kxg3 Ke8 42. Kf4 Kd7 43. Ke5 Kc6 44. Bg6 Kxc5 45. Bxf7 d4 46. Bg6
1-0

[Event "I. CLANSKA LIGA ZAHOD 2024"]
[Site "Komenda"]
[Date "2024.09.28"]
[Round "2.4"]
[White "Usenicnik, Matej"]
[Black "Samotorcan, Gal"]
[Result "1/2-1/2"]
[WhiteElo "1892"]
[BlackElo "1702"]
[PlyCount "167"]
[EventDate "2024.09.27"]
[WhiteTeam "SK STARI MAYR KRANJ"]
[BlackTeam "TAJFUN - SK LJUBLJANA"]

1. d4 d5 2. c4 dxc4 3. Nc3 Nc6 4. d5 Ne5 5. Qd4 Ng6 6. e4 e5 7. Qxc4 Nf6 8. Bg5
a6 9. a4 Bd6 10. h3 h6 11. Be3 O-O 12. g3 Qe7 13. Rc1 Nd7 14. g4 Nb6 15. Qb3
Bb4 16. Qd1 Bd7 17. b3 Rfd8 18. Nf3 Nc8 19. Bg2 c6 20. O-O Bxc3 21. Rxc3 cxd5
22. Bc5 Qe8 23. Qxd5 Bc6 24. Qc4 b5 25. Qe2 bxa4 26. bxa4 Bxa4 27. Rb1 Bb5 28.
Qb2 Nd6 29. Qb4 Nb7 30. Be3 Rac8 31. Rxc8 Rxc8 32. Bf1 Bxf1 33. Kxf1 Nd8 34.
Qa5 Qe6 35. Qd5 Qxd5 36. exd5 Kf8 37. h4 f6 38. Ra1 Ra8 39. h5 Ne7 40. Bc5 Nb7
41. Bb4 a5 42. Nh4 Kf7 43. Bxe7 Kxe7 44. Nf5+ Kf7 45. Rc1 Nd8 46. Nd6+ Ke7 47.
Nc8+ Ke8 48. Rc4 Ra6 49. Rc7 Nf7 50. Na7 a4 51. Nc6 Ra8 52. Nb4 a3 53. Na2 Rd8
54. Rc5 Nd6 55. Ke2 Ne4 56. Ra5 Ke7 57. Ke3 Ng5 58. Nb4 Kd6 59. Na6 Rd7 60.
Rxa3 Rb7 61. Ra5 Rb3+ 62. Ke2 Ne4 63. f3 Nc3+ 64. Kf2 Nxd5 65. Nc5 Rb2+ 66. Kg3
Nc7 67. Ne4+ Ke7 68. Ra7 Rc2 69. Ra5 Ne6 70. Ra7+ Kf8 71. Nd6 Rc5 72. Ra8+ Ke7
73. Nf5+ Kf7 74. Ra7+ Nc7 75. Rb7 Rc3 76. Ra7 Kg8 77. Kf2 Kh7 78. Ke2 Ne6 79.
Re7 Nd4+ 80. Nxd4 exd4 81. Re4 Rc4 82. f4 Rc2+ 83. Kd3 Rg2 84. f5 1/2-1/2

[Event "I. CLANSKA LIGA ZAHOD 2024"]
[Site "Komenda"]
[Date "2024.09.28"]
[Round "2.4"]
[White "Jaksa, Ema"]
[Black "Zitnik, Urban"]
[Result "1/2-1/2"]
[WhiteElo "1551"]
[BlackElo "1769"]
[PlyCount "66"]
[EventDate "2024.09.27"]
[WhiteTeam "TAJFUN - SK LJUBLJANA"]
[BlackTeam "SK STARI MAYR KRANJ"]

1. e4 c6 2. Nf3 d5 3. d3 dxe4 4. dxe4 Qxd1+ 5. Kxd1 Bg4 6. Be3 e6 7. Nbd2 Nf6
8. Bc4 Nbd7 9. Ke2 Bc5 10. Rad1 Bxe3 11. Kxe3 h6 12. h3 Bh5 13. g4 Bg6 14. Nh4
Bh7 15. f4 g5 16. Ng2 gxf4+ 17. Nxf4 Nc5 18. Bd3 e5 19. Ng2 Nxd3 20. cxd3 Nd7
21. Nc4 Ke7 22. Rdf1 Rhg8 23. Nh4 b6 24. Nf5+ Bxf5 25. Rxf5 f6 26. Rc1 Rac8 27.
Rd1 c5 28. Ke2 Rg5 29. Ne3 Rxf5 30. Nxf5+ Ke6 31. Ng7+ Kf7 32. Nf5 Ke6 33. Ng7+
Kf7 1/2-1/2

[Event "I. CLANSKA LIGA ZAHOD 2024"]
[Site "Komenda"]
[Date "2024.09.28"]
[Round "2.5"]
[White "Milenkovic, Mladen"]
[Black "Herega, Nejc"]
[Result "1/2-1/2"]
[WhiteElo "2295"]
[BlackElo "2196"]
[PlyCount "80"]
[EventDate "2024.09.27"]
[WhiteTeam "SD DOMZALE"]
[BlackTeam "SK NOVA GORICA"]

1. e4 d6 2. Nc3 Nf6 3. f4 d5 4. e5 d4 5. exf6 dxc3 6. fxg7 cxd2+ 7. Qxd2 Qxd2+
8. Bxd2 Bxg7 9. O-O-O Nc6 10. Bc4 Bf5 11. Nf3 O-O 12. h3 Rad8 13. Rhe1 e6 14.
Nh4 Bg6 15. Nxg6 hxg6 16. c3 Ne7 17. Kc2 Nd5 18. Bc1 c6 19. Bf1 b5 20. c4 bxc4
21. Bxc4 Rb8 22. a3 a5 23. g4 Rb6 24. f5 exf5 25. gxf5 gxf5 26. Bxd5 cxd5 27.
Rxd5 Rfb8 28. Rxf5 Bxb2 29. Rg1+ Kf8 30. Be3 R6b7 31. Bc5+ Ke8 32. Rg8+ Kd7 33.
Rxb8 Rxb8 34. Rxf7+ Ke6 35. Rh7 Be5 36. Kd1 Kd5 37. Be3 Rb1+ 38. Ke2 Ra1 39.
Rd7+ Ke4 40. Bc5 Rh1 1/2-1/2

[Event "I. CLANSKA LIGA ZAHOD 2024"]
[Site "Komenda"]
[Date "2024.09.28"]
[Round "2.5"]
[White "Gregoric, Andraz"]
[Black "Jusic, Zdenko"]
[Result "1-0"]
[WhiteElo "2175"]
[BlackElo "2231"]
[PlyCount "73"]
[EventDate "2024.09.27"]
[WhiteTeam "SK NOVA GORICA"]
[BlackTeam "SD DOMZALE"]

1. e4 d6 2. d4 Nf6 3. Nc3 e5 4. Nf3 exd4 5. Nxd4 Be7 6. g3 O-O 7. Bg2 Re8 8.
O-O Bf8 9. Re1 c6 10. a4 a5 11. b3 Na6 12. Ba3 Qb6 13. Qd2 Bd7 14. h3 Rad8 15.
Rad1 Nb4 16. Bb2 Bc8 17. Re2 g6 18. Kh2 Bg7 19. Rde1 h5 20. Nd1 d5 21. c3 Nxe4
22. Bxe4 dxe4 23. cxb4 Bxd4 24. bxa5 Qc7 25. Bxd4 c5 26. Rxe4 Rxe4 27. Rxe4 Qd7
28. Bc3 Qxd2 29. Bxd2 Bf5 30. Re2 Bd3 31. Re7 Bc2 32. Ne3 Kf8 33. Rc7 Rxd2 34.
Nxc2 Rxc2 35. Rxb7 Rxf2+ 36. Kg1 Rf6 37. Rb6 1-0

[Event "I. CLANSKA LIGA ZAHOD 2024"]
[Site "Komenda"]
[Date "2024.09.28"]
[Round "2.5"]
[White "Plaskan, Jure"]
[Black "Sundac, Ivano"]
[Result "0-1"]
[WhiteElo "2239"]
[BlackElo "2193"]
[PlyCount "129"]
[EventDate "2024.09.27"]
[WhiteTeam "SD DOMZALE"]
[BlackTeam "SK NOVA GORICA"]

1. e4 c5 2. Nf3 a6 3. c4 Nc6 4. d4 cxd4 5. Nxd4 e5 6. Nc2 Nf6 7. Nc3 Bc5 8. Be2
h6 9. O-O O-O 10. Rb1 d6 11. Be3 Be6 12. b4 Bxe3 13. Nxe3 Rc8 14. Bd3 Nd4 15.
Ncd5 b5 16. cxb5 axb5 17. f4 Nxd5 18. exd5 Qb6 19. Rf2 e4 20. Bf1 Nf3+ 21. gxf3
Qxe3 22. Bxb5 Qxf4 23. Bc6 e3 24. Rg2 Qxf3 25. Rb3 Bxd5 26. Bxd5 e2 27. Qxe2
Qxd5 28. h3 Qd4+ 29. Qf2 Qa1+ 30. Kh2 Rc1 31. Rb2 Rh1+ 32. Kg3 Qc1 33. Qd2 Qc8
34. Rh2 Rxh2 35. Kxh2 Qb7 36. Qd3 Re8 37. b5 Qe7 38. Qd4 Qb7 39. Qd3 Qe7 40.
Qd4 Qb7 41. Qf2 d5 42. b6 d4 43. Rb3 Rd8 44. Qc2 d3 45. Rxd3 Rxd3 46. Qxd3 Qxb6
47. Qe2 Qa7 48. Kg2 Qa4 49. Qd2 g6 50. Qb2 h5 51. Qb8+ Kg7 52. Qe5+ Kg8 53.
Qb8+ Kg7 54. Qb3 Qd4 55. a4 h4 56. Qa2 Qf4 57. Qb2+ Kg8 58. Qb7 Qg3+ 59. Kf1
Qxh3+ 60. Ke2 Qg2+ 61. Ke3 h3 62. Qc8+ Kg7 63. Qc3+ f6 64. Qb4 Kh6 65. Qb8 {
nejasno (73)} 0-1

[Event "I. CLANSKA LIGA ZAHOD 2024"]
[Site "Komenda"]
[Date "2024.09.28"]
[Round "2.5"]
[White "Markocic, Tine"]
[Black "Debevec, Blaz"]
[Result "1/2-1/2"]
[WhiteElo "2077"]
[BlackElo "2066"]
[PlyCount "161"]
[EventDate "2024.09.27"]
[WhiteTeam "SK NOVA GORICA"]
[BlackTeam "SD DOMZALE"]

1. c4 Nf6 2. Nc3 g6 3. e4 d6 4. g3 Bg7 5. Bg2 O-O 6. Nge2 c5 7. O-O Nc6 8. d3
Rb8 9. Rb1 a6 10. a4 Bd7 11. h3 Ne8 12. Be3 Nc7 13. d4 cxd4 14. Nxd4 Qc8 15.
Kh2 Ne6 16. Nde2 Nb4 17. b3 Nc5 18. Qd2 Re8 19. f4 e6 20. Qxd6 Bf8 21. Qd2 Bc6
22. Nd4 Rd8 23. Qf2 Ncd3 24. Qe2 Bc5 25. Nxc6 Qxc6 26. e5 Qb6 27. Bd2 Be7 28.
Ne4 Nc5 29. Be3 Qc7 30. Bxc5 Bxc5 31. Rbd1 Be7 32. Rxd8+ Rxd8 33. Rd1 b6 34.
Rxd8+ Qxd8 35. a5 bxa5 36. c5 Qc7 37. Qc4 Kg7 38. Nd6 Kf8 39. g4 Bh4 40. f5 Bf2
41. fxe6 Bxc5 42. e7+ Qxe7 43. Qxc5 Nd3 44. Qc8+ Kg7 45. Qc3 Nxe5 46. Nc4 f6
47. Nxe5 fxe5 48. Qxa5 Qe6 49. Qd5 Qf6 50. Qf3 Qd6 51. Qc6 Qd4 52. Qxa6 Qf4+
53. Kh1 e4 54. Qb7+ Kh6 55. Qxe4 Qc1+ 56. Kh2 Qc7+ 57. Kg1 Qb6+ 58. Kh1 Qxb3
59. Qf4+ Kg7 60. Qe5+ Kh6 61. Qf4+ Kg7 62. g5 Qc3 63. h4 h6 64. gxh6+ Kh7 65.
Be4 Qa1+ 66. Kg2 Qb2+ 67. Kh3 Qc3+ 68. Bf3 Qc8+ 69. Kg3 Qf5 70. Qg5 Qf8 71. Be4
Qxh6 72. Kg4 Kg7 73. Qxh6+ Kxh6 74. Bd3 Kg7 75. Kg5 Kh8 76. Kf6 Kg8 77. Be4 Kh8
78. Bc2 Kg8 79. Bd3 Kh8 80. Kf7 g5 81. hxg5 1/2-1/2

[Event "I. CLANSKA LIGA ZAHOD 2024"]
[Site "Komenda"]
[Date "2024.09.28"]
[Round "2.5"]
[White "Osolin, Bojan"]
[Black "Kobal, Sasa"]
[Result "0-1"]
[WhiteElo "2086"]
[BlackElo "2036"]
[PlyCount "34"]
[EventDate "2024.09.27"]
[WhiteTeam "SD DOMZALE"]
[BlackTeam "SK NOVA GORICA"]

1. e4 Nc6 2. d4 d5 3. exd5 Qxd5 4. Nf3 Bg4 5. Be2 O-O-O 6. Be3 Nf6 7. O-O Qf5
8. c4 e5 9. d5 e4 10. Nd4 Nxd4 11. Bxg4 Nxg4 12. Bxd4 Bd6 13. f4 c5 14. h3 h5
15. hxg4 hxg4 16. Be5 g3 17. Re1 Bxe5 0-1

[Event "I. CLANSKA LIGA ZAHOD 2024"]
[Site "Komenda"]
[Date "2024.09.28"]
[Round "2.5"]
[White "Vicic, Mark"]
[Black "Markosek, Bine"]
[Result "0-1"]
[WhiteElo "1844"]
[BlackElo "1989"]
[PlyCount "66"]
[EventDate "2024.09.27"]
[WhiteTeam "SK NOVA GORICA"]
[BlackTeam "SD DOMZALE"]

1. b3 d5 2. Bb2 Nf6 3. e3 Nc6 4. Bb5 e6 5. Nf3 a6 6. Bxc6+ bxc6 7. Ne5 Bb7 8.
O-O Be7 9. d3 O-O 10. Nd2 c5 11. f4 Nd7 12. Ng4 f5 13. Ne5 Nxe5 14. Bxe5 Bf6
15. Nf3 Bxe5 16. Nxe5 d4 17. Qe2 Rf6 18. Rae1 Rh6 19. Qf2 a5 20. a4 Qd6 21. Re2
Rf8 22. Nc4 Qd8 23. Nxa5 Ba8 24. Nc4 Qe8 25. Ne5 Qh5 26. h3 Rff6 27. Kh2 Bd5
28. Rfe1 g5 29. fxg5 Qxg5 30. exd4 f4 31. c4 f3 32. Rc2 fxg2 33. dxc5 Rxh3+ 0-1

[Event "I. CLANSKA LIGA ZAHOD 2024"]
[Site "Komenda"]
[Date "2024.09.29"]
[Round "3.1"]
[White "Herega, Nejc"]
[Black "Furlan, Miha"]
[Result "1-0"]
[WhiteElo "2196"]
[BlackElo "2214"]
[PlyCount "77"]
[EventDate "2024.09.27"]
[WhiteTeam "SK NOVA GORICA"]
[BlackTeam "SK TREBNJE BMP"]

1. d4 d5 2. Nf3 Nf6 3. Bf4 e6 4. e3 Bd6 5. Nbd2 O-O 6. c3 b6 7. Ne5 c5 8. h4
Qc7 9. h5 Ba6 10. Bxa6 Nxa6 11. h6 g6 12. Qf3 Ne8 13. Ndc4 Bxe5 14. Bxe5 Qe7
15. a4 Rd8 16. Na3 Nb8 17. O-O Nc6 18. Bg3 Nd6 19. Bxd6 Rxd6 20. Rad1 cxd4 21.
cxd4 Rd7 22. Rc1 Nb4 23. Qg3 a6 24. Rc3 Rfd8 25. Nc2 Nxc2 26. Rxc2 Qf8 27. Qf4
f6 28. Rfc1 g5 29. Qh2 Kf7 30. Qh5+ Ke7 31. Rc6 Rd6 32. Qe2 b5 33. axb5 axb5
34. Rc7+ R8d7 35. Qxb5 Qxh6 36. Rc8 Qh5 37. Rg8 Kf7 38. Rh8 Rd8 39. Rc7+ 1-0

[Event "I. CLANSKA LIGA ZAHOD 2024"]
[Site "Komenda"]
[Date "2024.09.29"]
[Round "3.1"]
[White "Brcar, Ales"]
[Black "Gregoric, Andraz"]
[Result "1-0"]
[WhiteElo "2182"]
[BlackElo "2175"]
[PlyCount "77"]
[EventDate "2024.09.27"]
[WhiteTeam "SK TREBNJE BMP"]
[BlackTeam "SK NOVA GORICA"]

1. e4 e5 2. Nf3 Nc6 3. Bb5 a6 4. Ba4 Nf6 5. d3 d6 6. c3 g6 7. O-O Bg7 8. Re1
O-O 9. Nbd2 b5 10. Bc2 Nh5 11. a4 b4 12. Nf1 h6 13. Ng3 Nf4 14. d4 bxc3 15.
bxc3 Qf6 16. d5 Ne7 17. c4 Bg4 18. Ra3 g5 19. h3 Bd7 20. Nh2 Rab8 21. Bd3 Neg6
22. Bf1 Rb1 23. Qc2 Rfb8 24. c5 Nh4 25. c6 Bc8 26. Ree3 g4 27. hxg4 Qg5 28. Kh1
Bxg4 29. Rab3 R8xb3 30. Rxb3 Ra1 31. Rb1 Rxb1 32. Qxb1 Kh7 33. Qb7 Qg6 34. Qxc7
Be2 35. Qd7 Bxf1 36. Nhxf1 Ne2 37. c7 Qf6 38. Be3 Nxg3+ 39. Nxg3 1-0

[Event "I. CLANSKA LIGA ZAHOD 2024"]
[Site "Komenda"]
[Date "2024.09.29"]
[Round "3.1"]
[White "Sundac, Ivano"]
[Black "Opara, Jan"]
[Result "0-1"]
[WhiteElo "2193"]
[BlackElo "2072"]
[PlyCount "81"]
[EventDate "2024.09.27"]
[WhiteTeam "SK NOVA GORICA"]
[BlackTeam "SK TREBNJE BMP"]

1. d4 Nf6 2. Nf3 e6 3. c4 b6 4. g3 Ba6 5. Qc2 Bb4+ 6. Bd2 Be7 7. Bg2 Bb7 8. Nc3
c5 9. d5 exd5 10. cxd5 O-O 11. h4 b5 12. e4 b4 13. Ne2 d6 14. h5 a5 15. a4 Ba6
16. Nh4 Ng4 17. f4 Bxh4 18. Rxh4 f5 19. exf5 Re8 20. Bf3 Ne3 21. Bxe3 Rxe3 22.
Kf2 Qe8 23. Re1 Ra7 24. f6 gxf6 25. Rg4+ Kh8 26. Qf5 Rf7 27. Rh4 Bd3 28. Qg4
Rg7 29. Qh3 Rge7 30. Qf1 Qxa4 31. g4 Qc2 32. g5 fxg5 33. fxg5 Bxe2 34. Bxe2
Qf5+ 35. Kg2 Qxg5+ 36. Rg4 Rxe2+ 37. Rxe2 Qxg4+ 38. Kh1 Qxh5+ 39. Rh2 Rf7 40.
Qe1 Qf3+ 41. Rg2 0-1

[Event "I. CLANSKA LIGA ZAHOD 2024"]
[Site "Komenda"]
[Date "2024.09.29"]
[Round "3.1"]
[White "Marinsek, Tomaz"]
[Black "Markocic, Tine"]
[Result "0-1"]
[WhiteElo "2094"]
[BlackElo "2077"]
[PlyCount "106"]
[EventDate "2024.09.27"]
[WhiteTeam "SK TREBNJE BMP"]
[BlackTeam "SK NOVA GORICA"]

1. e4 c6 2. d4 d5 3. exd5 cxd5 4. Nf3 Nf6 5. Bd3 Bg4 6. Bf4 Qb6 7. Nbd2 Nc6 8.
Be2 e6 9. Nb3 Be7 10. O-O O-O 11. h3 Bh5 12. Re1 Rfc8 13. Ne5 Nxe5 14. Bxe5
Bxe2 15. Rxe2 Qc6 16. c3 Nd7 17. Nd2 b5 18. Rc1 b4 19. c4 dxc4 20. Nxc4 Nb6 21.
b3 Nd5 22. Rec2 Nc3 23. Qg4 Bf8 24. d5 exd5 25. Bxc3 bxc3 26. Rxc3 Qf6 27. Rf3
Qg6 28. Qd7 dxc4 29. Rxc4 Rxc4 30. bxc4 Bc5 31. Rf5 Bb6 32. c5 Rd8 33. Re5 f6
34. Qe6+ Qf7 35. Qxf7+ Kxf7 36. Rh5 Rd1+ 37. Kh2 Bc7+ 38. g3 Rd2 39. Kg2 Rxa2
40. Kf3 Rc2 41. Ke3 Rxc5 42. Rxc5 Bb6 43. Kd4 Ke6 44. Kc4 Bxc5 45. Kxc5 Ke5 46.
f3 g5 47. Kc4 h5 48. Kd3 h4 49. f4+ gxf4 50. gxh4 Kf5 51. h5 a5 52. h6 Kg6 53.
Ke4 a4 0-1

[Event "I. CLANSKA LIGA ZAHOD 2024"]
[Site "Komenda"]
[Date "2024.09.29"]
[Round "3.1"]
[White "Kobal, Sasa"]
[Black "Ivanusa, Blaz"]
[Result "0-1"]
[WhiteElo "2036"]
[BlackElo "2052"]
[PlyCount "104"]
[EventDate "2024.09.27"]
[WhiteTeam "SK NOVA GORICA"]
[BlackTeam "SK TREBNJE BMP"]

1. Nf3 Nf6 2. d4 d5 3. Bf4 e6 4. e3 Bd6 5. Bg3 O-O 6. Nbd2 b6 7. Ne5 c5 8. c3
Bb7 9. Bh4 Be7 10. Bd3 Ne4 11. Bxe7 Qxe7 12. Qh5 g6 13. Qe2 f6 14. Nef3 Nxd2
15. Nxd2 e5 16. h4 exd4 17. cxd4 cxd4 18. h5 dxe3 19. fxe3 g5 20. O-O-O Nc6 21.
Kb1 Nb4 22. Rhf1 Nxd3 23. Qxd3 Rae8 24. Rde1 Qe6 25. Rf5 Ba6 26. Qxd5 Qxd5 27.
Rxd5 Bb7 28. Rd7 Rf7 29. Rd4 Bxg2 30. Nc4 Re4 31. Nd6 Rxd4 32. exd4 Rd7 33.
Re8+ Kg7 34. Nf5+ Kf7 35. Re3 Rd5 36. Ng3 Rxd4 37. Kc2 Bh3 38. Kc3 Rd5 39. Kc4
Be6 40. Ne4 Re5+ 41. Kd4 Rd5+ 42. Kc3 h6 43. b4 f5 44. Nf2 Kf6 45. a4 Re5 46.
Rd3 Re2 47. Nd1 g4 48. a5 f4 49. Rd8 g3 50. Rf8+ Kg7 51. axb6 axb6 52. Rxf4 g2
0-1

[Event "I. CLANSKA LIGA ZAHOD 2024"]
[Site "Komenda"]
[Date "2024.09.29"]
[Round "3.1"]
[White "Dimnik, Miha"]
[Black "Vicic, Mark"]
[Result "1/2-1/2"]
[WhiteElo "1864"]
[BlackElo "1844"]
[PlyCount "60"]
[EventDate "2024.09.27"]
[WhiteTeam "SK TREBNJE BMP"]
[BlackTeam "SK NOVA GORICA"]

1. e4 d5 2. exd5 Qxd5 3. Nc3 Qa5 4. Bc4 Nf6 5. d3 c6 6. Bd2 Qc7 7. a4 Bg4 8.
Nf3 e6 9. h3 Bh5 10. O-O Bd6 11. Re1 Nbd7 12. d4 Bf4 13. Be2 O-O 14. Bxf4 Qxf4
15. Qd2 Qxd2 16. Nxd2 Bxe2 17. Rxe2 c5 18. dxc5 Nxc5 19. Nde4 Nfxe4 20. Nxe4
Nxe4 21. Rxe4 Rfd8 22. Kf1 Rac8 23. c3 Rd6 24. Rc1 Kf8 25. Ke2 Rcd8 26. Rc2 Ke7
27. Ke3 Rd3+ 28. Ke2 R3d6 29. Ke3 Rd3+ 30. Ke2 R3d6 1/2-1/2

[Event "I. CLANSKA LIGA ZAHOD 2024"]
[Site "Komenda"]
[Date "2024.09.29"]
[Round "3.2"]
[White "Srebrnic, Vojko"]
[Black "Milenkovic, Mladen"]
[Result "1/2-1/2"]
[WhiteElo "2074"]
[BlackElo "2295"]
[PlyCount "60"]
[EventDate "2024.09.27"]
[WhiteTeam "TAJFUN - SK LJUBLJANA"]
[BlackTeam "SD DOMZALE"]

1. c4 Nf6 2. Nc3 c5 3. Nf3 d5 4. cxd5 Nxd5 5. g3 Nc6 6. Bg2 Nc7 7. d3 g6 8. O-O
Bg7 9. Be3 b6 10. Qa4 Bd7 11. Qh4 e5 12. Qxd8+ Rxd8 13. Nd2 Nd4 14. Rfc1 O-O
15. Bxd4 exd4 16. Nd5 Nxd5 17. Bxd5 Rfe8 18. Bf3 Be6 19. Rc2 Bf8 20. a4 a5 21.
Nc4 Rb8 22. b3 f6 23. h4 Re7 24. Kg2 Ra7 25. Bc6 Rc7 26. Bf3 Ra7 27. Bc6 Rc7
28. Bf3 Ra7 29. Bc6 Rc7 30. Bf3 Ra7 1/2-1/2

[Event "I. CLANSKA LIGA ZAHOD 2024"]
[Site "Komenda"]
[Date "2024.09.29"]
[Round "3.2"]
[White "Jusic, Zdenko"]
[Black "Persl, Bojan"]
[Result "1-0"]
[WhiteElo "2231"]
[BlackElo "2040"]
[PlyCount "54"]
[EventDate "2024.09.27"]
[WhiteTeam "SD DOMZALE"]
[BlackTeam "TAJFUN - SK LJUBLJANA"]

1. e4 c5 2. Nf3 d6 3. d4 cxd4 4. Nxd4 Nf6 5. Nc3 a6 6. f4 e6 7. Qf3 Qc7 8. Bd3
Nbd7 9. g4 Nc5 10. g5 Nfd7 11. h4 b5 12. Bd2 Bb7 13. b4 Nxd3+ 14. cxd3 Rc8 15.
h5 Be7 16. Rc1 Qb8 17. Qh3 Nf8 18. f5 e5 19. Nb3 Bd8 20. Ke2 Qa8 21. h6 g6 22.
Rhf1 Rg8 23. Qf3 gxf5 24. Qxf5 Rc7 25. Nxb5 axb5 26. Rxc7 Bxc7 27. Qxf7+ Kd8
1-0